000 00446nmm a2200157Ia 4500
008 251105s9999||||xx |||||||||||||||||und||
020 _a9788467182408
041 _apor
100 _aLindsay, Yvonne
245 0 _aTentar o destino
264 _a[Madrid, España] :
_bHarlequin,
_c[Fecha de publicación no identificada]
300 _a0 páginas
650 _aRomance
856 _uhttps://public.digitaliapublishing.com/a/95621
942 _cCF
999 _c83597
_d83597